000 00667nam a2200205Ia 4500
003 GCL
008 140319s9999 xx 000 0 ara d
040 _aGCL /
_cGCL
082 0 4 _a001.6424
_bع ب
100 1 _aعوض منصور
245 1 0 _aبرمجة الحاسبات الالكترونية بلغة الكوبول /
_cعوض منصور
700 1 _aمحمد ابوالنور
260 _a[S.N] :
_bدار عمار للنشر والتوزيع ،
_c1986
300 _a551 ص
490 _a
650 0 4 _aالحاسبات الالكترونية
650 0 4 _aكوبول
650 0 4 _aبرامج الحاسبات الالكترونية
942 _2ddc
_cBK
999 _c44891
_d44891